Deprotein technology: A breakthrough to address NRL allergy (Record no. 56810)

MARC details
000 -LEADER
fixed length control field 00509nam a2200181Ia 4500
100 ## - MAIN ENTRY--AUTHOR NAME
Personal name Sekhar Gopinath
245 #0 - TITLE STATEMENT
Title Deprotein technology: A breakthrough to address NRL allergy
260 ## - PUBLICATION, DISTRIBUTION, ETC. (IMPRINT)
Name of publisher Rubber Asia
Year of publication 2004
300 ## - PHYSICAL DESCRIPTION
Number of Pages 73-78
650 ## - SUBJECT ADDED ENTRY--TOPICAL TERM
Topical Term Cost-effective deprotein process
650 ## - SUBJECT ADDED ENTRY--TOPICAL TERM
Topical Term Latex protein allergy
650 ## - SUBJECT ADDED ENTRY--TOPICAL TERM
Topical Term Non-detectable protein
650 ## - SUBJECT ADDED ENTRY--TOPICAL TERM
Topical Term Standard NR latex
700 ## - ADDED ENTRY--PERSONAL NAME
Personal name Mathews Philip
700 ## - ADDED ENTRY--PERSONAL NAME
Personal name Naik Dipak
942 ## - ADDED ENTRY ELEMENTS (KOHA)
Koha item type Journals
Holdings
Withdrawn status Lost status Damaged status Not for loan Home library Current library Shelving location Date acquired Serial Enumeration / chronology Koha item type
      Journals RRII Library RRII Library Rubber chemistry 17/12/2021 Volume 18, Issue 5 Journals